[Event "Florianopolis op 3rd"]
[Site "Florianopolis"]
[Date "2017.01.25"]
[Round "9"]
[White "Brienza, Amalio Coelho"]
[Black "Campos, Otavio Moraes"]
[Result "1-0"]
[WhiteElo "1902"]
[BlackElo "1724"]
[PlyCount "61"]
[EventDate "2017.01.20"]
[EventType "swiss"]
[EventRounds "10"]
[EventCountry "BRA"]
[SourceTitle "CBM 176 Extra"]
[Source "ChessBase"]
[SourceDate "2017.03.02"]
[SourceVersion "1"]
[SourceVersionDate "2017.03.02"]
[SourceQuality "1"]

1. d4 Nf6 2. c4 d6 3. Nc3 g6 4. e4 Bg7 5. f3 0-0 6. Bd3 Nbd7 7. Nge2 c6 8. Be3 a5 9. Qd2 e5 10. d5 Qc7 11. g4 Rd8 12. h4 h5 13. Bg5 Re8 14. gxh5 Nxh5 15. 0-0-0 Nc5 16. Rdg1 Bd7 17. Be3 Nxd3+ 18. Qxd3 b5 19. Ng3 bxc4 20. Qd2 Nf4 21. Bxf4 exf4 22. Nge2 Rab8 23. h5 gxh5 24. Rxh5 Kf8 25. Rh7 Be5 26. Nxf4 Qb6 27. Rg2 Bd4 28. Ng6+ Kg8 29. Ne5+ Kxh7 30. Rh2+ Kg8 31. Qg5+ 1-0

[Event "Cordeiropolis Freitas Levy Memorial"]
[Site "Cordeiropolis"]
[Date "2015.05.24"]
[Round "6"]
[White "Cardoso, Julia Aguiar Vieira"]
[Black "Brienza, Amalio Coelho"]
[Result "0-1"]
[WhiteElo "1741"]
[BlackElo "1903"]
[PlyCount "142"]
[EventDate "2015.05.22"]
[EventType "swiss"]
[EventRounds "6"]
[EventCountry "BRA"]
[SourceTitle "CBM 166 Extra"]
[Source "ChessBase"]
[SourceDate "2015.06.18"]
[SourceVersion "1"]
[SourceVersionDate "2015.06.18"]
[SourceQuality "1"]

1. e4 e5 2. Nf3 Nc6 3. Bc4 Nf6 4. d3 Be7 5. 0-0 0-0 6. Bg5 h6 7. Be3 d6 8. c3 Na5 9. Nbd2 Bg4 10. Bb3 Nxb3 11. Qxb3 b6 12. Rac1 Be6 13. Qa4 Qd7 14. Qxd7 Nxd7 15. b3 f5 16. exf5 Bxf5 17. Ne4 Nf6 18. Nxf6+ Bxf6 19. d4 exd4 20. Bxd4 Kf7 21. Bxf6 Kxf6 22. Nd4 Bd7 23. Rcd1 Rfe8 24. Rd3 Kf7 25. Rf3+ Kg8 26. h4 Re4 27. Re3 Rxh4 28. Re7 Rd8 29. Rfe1 Rf4 30. Ne6 Bxe6 31. R7xe6 Rf7 32. R1e4 d5 33. Rg4 Kf8 34. Re5 c5 35. Re3 Rdd7 36. Rh4 Rfe7 37. Kf1 Rxe3 38. fxe3 Kf7 39. Ke2 Ke6 40. Kd3 Rf7 41. Ke2 Kf6 42. Rh5 Re7 43. Kd3 Ke6 44. Rh4 Rf7 45. Ke2 Rf6 46. g4 Rg6 47. Kf3 Rf6+ 48. Ke2 Ke5 49. Rh5+ Ke6 50. Rh2 Kf7 51. Rh5 Rd6 52. Rf5+ Kg6 53. Kd3 Kh7 54. Rf7 a5 55. Rf4 Kg6 56. Rf5 Rd7 57. a4 Kh7 58. Re5 Rd6 59. Rf5 Kg8 60. Rf4 g6 61. c4 Kg7 62. cxd5 Rxd5+ 63. Kc4 Rd6 64. Re4 Kf6 65. Re8 Re6 66. Rxe6+ Kxe6 67. Kb5 h5 68. gxh5 gxh5 69. Kxb6 h4 70. Kxa5 h3 71. Kb6 Kd6 0-1

[Event "Rio Claro op"]
[Site "Rio Claro"]
[Date "2014.05.16"]
[Round "2"]
[White "Bonvini, Adriana Tonhati"]
[Black "Brienza, Amalio Coelho"]
[Result "0-1"]
[WhiteElo "1486"]
[BlackElo "1919"]
[PlyCount "112"]
[EventDate "2014.05.16"]
[EventType "swiss"]
[EventRounds "6"]
[EventCountry "BRA"]
[SourceTitle "CBM 160 Extra"]
[Source "ChessBase"]
[SourceDate "2014.07.01"]
[SourceVersion "1"]
[SourceVersionDate "2014.07.01"]
[SourceQuality "1"]

1. e4 e5 2. Nf3 Nc6 3. Bc4 Bc5 4. 0-0 Nf6 5. Nc3 0-0 6. d3 h6 7. Ne2 d6 8. c3 a5 9. Ng3 Ne7 10. h3 Ng6 11. Nf5 c6 12. b4 axb4 13. cxb4 Bxb4 14. Qb3 Bc5 15. Nxh6+ gxh6 16. Bxh6 d5 17. exd5 cxd5 18. Bb5 Qd6 19. Bxf8 Kxf8 20. Rac1 b6 21. a4 Kg7 22. Rfd1 d4 23. Ng5 Nd5 24. Ne4 Qd8 25. Nxc5 bxc5 26. Rxc5 Ndf4 27. Bc6 Ra6 28. Be4 Be6 29. Qb5 Ra7 30. Kf1 Qg5 31. a5 Bxh3 32. gxh3 Nxh3 33. Ke1 Nxf2 34. Bxg6 Qe3+ 35. Kf1 Nxd1 36. Rc2 fxg6 37. Re2 Rf7+ 38. Ke1 Nc3 39. Qxe5+ Qxe5 40. Rxe5 Rd7 41. a6 Ra7 42. Ra5 Kf6 43. Kf2 Ke6 44. Kf3 Nd5 45. Ke4 Nc7 46. Rc5 Nxa6 47. Rc6+ Kf7 48. Kxd4 Rd7+ 49. Kc4 Nc7 50. d4 Nd5 51. Kc5 Nf4 52. Rd6 Rxd6 53. Kxd6 Kf6 54. Kc5 g5 55. d5 Nxd5 56. Kxd5 Kf5 0-1

[Event "Rio Claro IRT op 2nd"]
[Site "Rio Claro"]
[Date "2013.04.27"]
[Round "3"]
[White "De Almeida, Guilherme Pereira"]
[Black "Brienza, Amalio Coelho"]
[Result "1-0"]
[WhiteElo "1800"]
[BlackElo "1950"]
[PlyCount "95"]
[EventDate "2013.04.26"]
[EventType "swiss"]
[EventRounds "6"]
[EventCountry "BRA"]
[SourceTitle "CBM 154 Extra"]
[Source "ChessBase"]
[SourceDate "2013.06.25"]
[SourceVersion "2"]
[SourceVersionDate "2013.06.25"]
[SourceQuality "1"]

1. Nf3 d5 2. g3 c6 3. Bg2 Nf6 4. 0-0 e6 5. b3 Be7 6. Bb2 0-0 7. d4 Nbd7 8. Nbd2 c5 9. c4 Rb8 10. dxc5 Bxc5 11. a3 a5 12. Ne5 dxc4 13. Ndxc4 Qe7 14. Nxa5 Rd8 15. Qc2 Nxe5 16. Bxe5 Ra8 17. Bxf6 gxf6 18. b4 Bd4 19. Rad1 e5 20. e3 Bb6 21. Nc4 Bc7 22. Rxd8+ Bxd8 23. Be4 h6 24. Rd1 Be6 25. Bd5 Rc8 26. Qd2 Bg4 27. Nd6 Bxd1 28. Nxc8 Qd7 29. Bxf7+ Qxf7 30. Qxd8+ Qf8 31. Qxf8+ Kxf8 32. Kf1 Bf3 33. Ke1 Ke8 34. Kd2 Kd7 35. Nb6+ Kc6 36. Nc4 Kb5 37. Nb2 h5 38. Kc3 Bd5 39. a4+ Kc6 40. b5+ Kd6 41. Kb4 Ke6 42. Kc5 Be4 43. Nc4 Bc2 44. a5 Bd1 45. Nd6 Bf3 46. e4 f5 47. Nxb7 Bxe4 48. Kb6 1-0

[Event "Rio Clao IRT Interior op"]
[Site "Rio Claro"]
[Date "2012.11.03"]
[Round "3"]
[White "Haddad Filho, Paulo Ibrahim"]
[Black "Brienza, Amalio Coelho"]
[Result "1/2-1/2"]
[WhiteElo "1972"]
[BlackElo "1939"]
[PlyCount "32"]
[EventDate "2012.11.02"]
[EventType "swiss"]
[EventRounds "6"]
[EventCountry "BRA"]
[SourceTitle "CBM 151 Extra"]
[Source "ChessBase"]
[SourceDate "2012.12.18"]
[SourceVersion "1"]
[SourceVersionDate "2012.12.18"]
[SourceQuality "1"]

1. d4 d5 2. Nf3 Nf6 3. Bg5 e6 4. Nbd2 Be7 5. e3 Nbd7 6. Bd3 c5 7. c3 b6 8. a4 Bb7 9. 0-0 Ne4 10. Bxe7 Qxe7 11. Ne5 Nxd2 12. Qxd2 0-0 13. f4 f5 14. a5 Nxe5 15. fxe5 c4 16. Bc2 Bc6 1/2-1/2

[Event "Americana Paulista Interior"]
[Site "Americana"]
[Date "2007.10.12"]
[Round "2"]
[White "Brienza, Amalio Coelho"]
[Black "Terao, Rodrigo Akira"]
[Result "0-1"]
[WhiteElo "1944"]
[BlackElo "2188"]
[PlyCount "136"]
[EventDate "2007.10.12"]
[EventType "swiss"]
[EventRounds "6"]
[EventCountry "BRA"]
[SourceTitle "EXT 2022"]
[Source "ChessBase"]
[SourceDate "2021.10.06"]
[SourceVersion "1"]
[SourceVersionDate "2021.10.06"]
[SourceQuality "1"]

1. d4 d5 2. Nf3 Nc6 3. c4 Bg4 4. e3 e5 5. Be2 exd4 6. Nxd4 Bxe2 7. Qxe2 Nxd4 8. exd4+ Qe7 9. Be3 dxc4 10. Qxc4 Qb4+ 11. Qxb4 Bxb4+ 12. Nc3 Nf6 13. 0-0-0 0-0-0 14. a3 Be7 15. Rhe1 Rhe8 16. Bg5 Nd5 17. Bxe7 Nxe7 18. Kc2 Nf5 19. Rxe8 Rxe8 20. g3 Rd8 21. Ne2 Ne7 22. Rd3 Nc6 23. Kc3 Rd6 24. Re3 Kd7 25. Re4 f5 26. Re3 g5 27. h4 h6 28. hxg5 hxg5 29. b4 Rh6 30. f4 g4 31. Kd3 Rh1 32. b5 Ne7 33. Nc3 Kd6 34. a4 Rc1 35. Kd2 Ra1 36. Re5 Rg1 37. Ne2 Ra1 38. Nc3 Rh1 39. Kd3 Rh3 40. Ne2 Rh5 41. Nc3 c6 42. Kc4 Rh3 43. Ne2 Nd5 44. Kd3 Rh5 45. Re8 Kc7 46. Re5 Kd7 47. Kc4 Rh1 48. Kd3 Rd1+ 49. Kc2 Rf1 50. Kd3 Rf3+ 51. Kd2 Ne7 52. Rc5 Ke6 53. Re5+ Kd7 54. Rc5 Nd5 55. bxc6+ bxc6 56. Ra5 Ke6 57. Rxa7 Nf6 58. a5 Ne4+ 59. Ke1 Ra3 60. Kd1 Kd5 61. a6 Kc4 62. Ra8 Ra1+ 63. Kc2 Ra2+ 64. Kd1 Rd2+ 65. Ke1 Kd3 66. Nc1+ Ke3 67. a7 Rh2 68. Kd1 Nc3+ 0-1